| 000 | 00342nam a2200133Ia 4500 | ||
|---|---|---|---|
| 008 | 240624s9999 xx 000 0 und d | ||
| 041 | _aeng | ||
| 082 | _a658.3 BAL | ||
| 100 | _aBLANCHARD KEN | ||
| 245 | _aLEADERSHIP AND THE ONE MINUTE MANAGER IN | ||
| 260 |
_c2014 _aLondon _bHarper Collins |
||
| 300 | _a111 : p. ; 20cm. | ||
| 365 |
_cRS _b30 |
||
| 999 |
_c25426 _d25426 |
||